000 00436nam a2200157Ia 4500
003 GCL
008 140319s9999 xx 000 0 ara d
040 _aGCL /
_cGCL
082 0 4 _aد
_b050
100 1 _aجورج وهبة العفى
245 1 0 _aالصيدلة:علم وفن و انسانية(اقرا 282) /
_cجورج وهبة العفى
300 _a128ص
490 _aاقرأ
_v0
650 0 4 _aالصيدلة
942 _2ddc
_cBK
999 _c48585
_d48585